| 000 | 00830nam a2200265 i 4500 | ||
|---|---|---|---|
| 001 | bg | ||
| 100 | 1 | _aZINOWICZ, Zygmunt | |
| 245 | 1 | 0 |
_aTechnologiczne problemy zagospodarowania odpadów tworzyw polimerowych / _cZygmunt Zinowicz, Jan Gołębiewski, Antoni Świć ; Politechnika Lubelska. |
| 260 |
_aLublin : _bWydaw. Politechniki Lubelskiej, _c2003. |
||
| 300 |
_a267 s. : _bil. ; _c24 cm. |
||
| 504 | _aBibliogr. przy rozdz. | ||
| 650 | 9 |
_aOdpady _xgospodarka _xmetody |
|
| 650 | 9 | _aPolimery | |
| 650 | 9 |
_aTworzywa sztuczne _xrecykling |
|
| 700 | 1 | _aGOŁĘBIEWSKI, Jan | |
| 700 | 1 | _aŚWIĆ, Antoni | |
| 710 | 0 | _aPolitechnika Lubelska | |
| 020 | _a8389246023 | ||
| 040 | _cBPK | ||
| 041 | 0 | _apol | |
| 080 | _a628.4/.5:678.7 | ||
| 920 | _a83-89246-02-3 | ||
| 942 | _cKS | ||
| 008 | s pl f |000 0 pol | ||
| 999 |
_c46380 _d46380 |
||
| 856 |
_uhttp://koha.tu.koszalin.pl/cgi-bin/koha/opac-detail.pl?biblionumber=46380 _yKatalog online BPK |
||